| 000 | 00617nam a2200217Ii 4500 | ||
|---|---|---|---|
| 001 | 18753 | ||
| 003 | CO-ViMGA | ||
| 008 | 241108s9999||||xx |||||||||||||| ||und|| | ||
| 020 | _a9688806773 | ||
| 040 |
_aCO-ViMGA _bspa _erda _cCO-ViMGA |
||
| 041 | 0 | _aspa | |
| 082 | 0 | 4 | _a152.1 M17s |
| 100 | 1 |
_aMargaret W. Matlin _950087 |
|
| 245 | 1 | 0 | _aSensación y percepción |
| 264 | 1 | _aMéxico : Prentice-Hall Hispanoamericana, 1996 | |
| 300 | _avolumen | ||
| 336 |
_atext _btxt _2rdacontent |
||
| 337 |
_aunmediated _bn _2rdamedia |
||
| 338 |
_avolume _bnc _2rdacarrier |
||
| 940 | _aidficha_siabuc: 18412. -- ficha_no_siabuc:18753 | ||
| 999 |
_c44765 _d44765 |
||